000 00458nam a2200169Ia 4500
005 20240604061251.0
008 240331s9999 xx 000 0 und d
082 _bHUS
_a346
100 _aHussain, J.S
245 0 _aMarriage breakdown and divorce law reform in contemporary society
_cS. Jaffer Hussain
250 _a1 st
260 _aNew Delhi
_bConcept Publishing Company
_c1983
300 _a240 p.,
650 _aSociety
650 _aLaws
942 _cL
999 _c2813
_d2813